000 00536nam a2200205Ia 4500
005 20250923144816.0
008 008 250917s9999 xx 000 0 eng d
037 _aTextual
040 _aDSWL
_beng
_cDSWL
041 _aeng
_2eng
084 _qDSWL
100 _aLeach, E.R.
_9828654
245 0 _aPul Eliya a Village in Cylone
_cby E.R. Leach
260 _aCambridge
_bCambridgeat the Univer
_c1961
300 _axiii,343p.
365 _aINR
_b45
925 _g45
942 _cTEXL
999 _c1443613
_d1443613